Economists - Statistics

General Stats
  • This quiz has been taken 268 times
  • The average score is 6 of 15
Answer Stats
Hint Answer % Correct
The Wealth of Nations Adam Smith
95%
Das Kapital Karl Marx
85%
The General Theory of Employment, Interest and Money John Maynard Keynes
79%
Invisible Hand Adam Smith
67%
A Monetary History of the United States Milton Friedman
57%
Comparative Advantage David Ricardo
50%
Classical School of Economics Adam Smith
28%
Principles of Economics Alfred Marshall
25%
Principles of Political Economy and Taxation David Ricardo
23%
The Theory of the Leisure Class Thorstein Veblen
22%
Principles of Political Economy John Stuart Mill
17%
The Affluent Society John Kenneth Galbraith
15%
Essays on Some Unsettled Questions of Political Economy John Stuart Mill
14%
"land is the ultimate source of all wealth" Francois Quesnay
13%
The New Industrial State John Kenneth Galbraith
9%
No matching quizzes found
Score Distribution
Percent of People with Each Score
Percentile by Number Answered
Your Score History
You have not taken this quiz